[Event "Monarch Assurance 07th"]
[Site "Port Erin"]
[Date "1998.11.11"]
[Round "5"]
[White "Tiviakov, Sergei"]
[Black "Miezis, Normunds"]
[Result "1-0"]
[WhiteElo "2655"]
[BlackElo "2515"]
[Annotator "Tiviakov,S"]
[PlyCount "121"]
[EventDate "1998.11.07"]
[EventType "swiss"]
[EventRounds "9"]
[EventCountry "IOM"]
[SourceTitle "CBM 067 Extra"]
[Source "ChessBase"]
[SourceDate "1999.01.01"]
[SourceVersion "1"]
[SourceVersionDate "1999.01.01"]
[SourceQuality "1"]

1. e4 c5 2. Nf3 e6 3. d4 cxd4 4. Nxd4 a6 5. Nc3 Qc7 6. Bd3 Nc6 7. Nxc6 dxc6 8.
O-O e5 9. f4 Nf6 10. Kh1 Bd6 11. f5 b5 12. a4 b4 13. Nb1 h5 14. Nd2 a5 15. Qe1
Bc5 16. Nf3 Kf8 17. b3 Bb7 18. Bb2 Re8 19. Qg3 Bd6 20. Rad1 Qe7 21. Bc1 Bc5 22.
Ng5 h4 23. Qh3 Kg8 24. Bc4 Rf8 25. Bb2 Bb6 26. Rde1 Qd6 27. Nf3 Re8 28. Bc1 c5
29. Ng5 Rf8 30. Qf3 Bd8 31. Rd1 Qe7 32. Rfe1 Bc6 33. Re2 Bc7 34. Nh3 Rd8 35.
Rxd8+ Qxd8 36. Rd2 Qa8 37. Ng5 Nxe4 38. Nxe4 Bxe4 39. Qg4 Bc6 40. Qg6 Be8 41.
f6 $1 $18 (41. Rd7 Qe4 $8 (41... Bxd7 42. Qxf7+ Kh7 43. Qg6#) 42. Bd2 $8 (42.
h3 Qe1+ 43. Kh2 Qg3+ 44. Qxg3 (44. Kg1 Qxg6 45. fxg6 Bxd7 $19) 44... hxg3+ 45.
Kxg3 Bxd7 $19) 42... Qxc2 $1 $17 (42... Qxc4 43. bxc4 fxg6 44. Rxc7 gxf5 45.
Rxc5 Bxa4 46. Rxa5 Bxc2 47. Bxb4 $11)) 41... Rh7 42. Rd7 Bxd7 (42... Kh8 43.
Bxf7 Bxd7 {- 42...Bd7 43.Bxf7+ Kh8} (43... Bxf7 44. Rxf7 $18)) 43. Bxf7+ $1 (
43. Qxf7+ Kh8 44. Qxd7 gxf6 $17) 43... Kh8 (43... Kf8 44. Bh6 $18 (44. fxg7+
Rxg7 45. Bh6 $18)) 44. Bg5 $3 $40 (44. fxg7+ Rxg7 45. Qh6+ Rh7 46. Qf6+ Rg7 47.
Qxh4+ Rh7 48. Qf6+ Rg7 49. Qh6+ Rh7 $11) 44... Bf5 $8 (44... Bd8 45. fxg7+ Rxg7
46. Qh6+ Rh7 47. Qf8#) (44... Qf8 45. fxg7+ Qxg7 46. Bf6 $18) (44... Qd8 45.
fxg7+ Rxg7 46. Qh6+ Rh7 47. Bf6+ $18) 45. Qxf5 g6 (45... Bd8 46. Bg8 $1 Kxg8 (
46... Rh5 47. fxg7+ Kxg7 (47... Kxg8 48. Qf8+) 48. Qf7+ Kh8 49. Qxh5+ Kxg8 50.
Qe8+ $18) 47. f7+ Kf8 48. Qxh7 Kxf7 49. Qh5+ $18 g6 (49... Ke6 50. Qe8+) (49...
Kg8 50. Qe8+) (49... Kf8 50. Qh8+) 50. Qh7+ Ke6 51. Qxg6+ $18) (45... h3 46.
fxg7+ Rxg7 (46... Kxg7 47. Qf6+) 47. Qxh3+ Rh7 48. Bf6#) (45... Qf8 46. Bd5 $5
$18 {-> /\f7, /\fxg7, /\Be4}) 46. Bxg6 h3 (46... Qd8 47. Qg4 $5 (47. Qf1 Rd7 $1
48. f7 $140 Rxf7 $1 49. Bxf7 Qxg5 $11) 47... Qd7 $8 (47... Rd7 48. Qxh4+ Kg8
49. f7+ $18) 48. f7 $5 (48. Qe2 $5 Qd4 49. Qe1 Rd7 50. f7 $18) 48... Rxf7 $8 (
48... Qxg4 49. f8=Q#) 49. Qh5+ Kg8 (49... Rh7 50. Bf6+ Kg8 51. Bxh7+ Qxh7 52.
Qe8#) 50. Bxf7+ Qxf7 51. Qxf7+ Kxf7 52. Bxh4 $18 {_|_}) (46... Qd5 47. Qf1 (47.
Qg4 $5 h3 48. Bxh7 hxg2+ 49. Kg1 $1 Kxh7 50. Qh5+ Kg8 51. Qg6+ $18) 47... h3 $1
48. Bxh7 hxg2+ 49. Qxg2 Qd1+ 50. Qg1 Qd5+ 51. Qg2 Qd1+ $11) 47. Qg4 hxg2+ $8
48. Qxg2 (48. Kg1 c4 $1) 48... Qd8 $8 (48... Qxg2+ 49. Kxg2 Rd7 50. f7 Kg7 51.
Bh6+ Kxh6 52. f8=Q+ $18) 49. Qe2 (49. Qe4 Qd1+ 50. Kg2 Rd7 51. f7 $140 Rd2+)
49... Qd5+ (49... Rd7 50. Qh5+ Kg8 51. f7+ $18) (49... Qg8 50. f7 $1 Rxf7 (
50... Qg7 51. Bxh7) 51. Qh5+ Rh7 (51... Kg7 52. Qh6#) 52. Bf6+) (49... Rh3 50.
Qg4 $1 (50. Kg2 Qd7) (50. f7 Qd5+ $8 (50... Qd6 51. Qxe5+ Qxe5 52. f8=Q#) 51.
Kg1 (51. Qe4 Qxe4+ 52. Bxe4 Kg7) (51. Qg2 Qd1+ 52. Qg1 Qd5+ $11) 51... Kg7)
50... Qd5+ (50... Rc3 51. Qh5+ Kg8 52. f7+) 51. Be4 $18) 50. Be4 Qg8 51. Qg4 $1
Bd8 52. Bxh7 Qxh7 53. Qh4 $1 Qxh4 54. Bxh4 Bc7 55. Kg2 e4 56. Bf2 Bd6 57. Bg3
Bf8 58. Bc7 Kg8 59. Bxa5 Kf7 60. Bd8 Ke6 61. a5 1-0

[Event "Hoogeveen Essent op"]
[Site "Hoogeveen"]
[Date "2000.10.21"]
[Round "9"]
[White "Tiviakov, Sergei"]
[Black "Epishin, Vladimir"]
[Result "1/2-1/2"]
[WhiteElo "2608"]
[BlackElo "2567"]
[Annotator "Tiviakov,S"]
[PlyCount "39"]
[EventDate "2000.10.13"]
[EventType "swiss"]
[EventRounds "9"]
[EventCountry "NED"]
[SourceTitle "CBM 078 Extra"]
[Source "ChessBase"]
[SourceDate "2000.11.10"]
[SourceVersion "1"]
[SourceVersionDate "2000.11.10"]
[SourceQuality "1"]

1. e4 c5 2. Nc3 e6 3. Nf3 a6 4. d4 cxd4 5. Nxd4 b5 6. Bd3 Qb6 7. Nb3 Qc7 8. Qe2
(8. f4 Bb7 9. Qe2 Nf6 (9... d6 10. Bd2 Nf6 11. a4 b4 12. Na2 a5 13. c3 bxc3 14.
Nxc3 Be7 15. Nb5 Qd8 16. e5 dxe5 17. fxe5 Nfd7 18. Be4 Nc6 19. Bc3 Qb8 20.
O-O-O Nb4 21. Kb1 Nb6 22. Nd6+ Bxd6 23. exd6 O-O 24. Nc5 Bxe4+ 25. Qxe4 N6d5
26. Bxb4 axb4 27. Rxd5 exd5 28. Qxd5 Ra5 29. d7 Qc7 30. Rc1 h6 31. Qd4 Qb6 32.
b3 Rd8 33. Rc4 Qc6 34. Rc2 Qb6 35. Kb2 Rxd7 36. Qxd7 Rxc5 37. Qe8+ Kh7 38. Qxf7
Rxc2+ 39. Kxc2 Qc6+ 40. Kb1 Qxg2 41. Qf5+ Kg8 42. Qe6+ Kf8 43. h3 h5 44. Qf5+
Ke7 45. Qxh5 Qf1+ 46. Kc2 Qf2+ 47. Kd3 Qg3+ 48. Kc4 Qc3+ 49. Kb5 Qd3+ 50. Kxb4
Qd4+ 51. Kb5 Qd3+ 52. Kb6 Qxb3+ 53. Qb5 Qxh3 54. Qe5+ Kf7 55. a5 Qb3+ 56. Ka7
Kg6 57. a6 Kh6 58. Qh2+ Kg5 59. Qg2+ Kh5 60. Qh1+ Kg5 61. Qg1+ Kh5 62. Qb6 Qf7+
63. Kb8 {1-0 Tiviakov,S-Brenninkmeijer,J/Groningen (Netherlands) 1998 (63)})
10. Bd2 Be7 11. e5 Nd5 12. Ne4 Nc6 13. c3 O-O 14. O-O d6 15. exd6 Bxd6 16. Nxd6
Qxd6 17. Rad1 Rac8 18. Qf2 Ba8 19. Be3 Qc7 20. Bc5 Rfd8 21. f5 e5 22. f6 Nxf6
23. Bb6 Qe7 24. Bxd8 Nxd8 25. Bf5 Ne6 26. Qe3 e4 27. Qb6 Bb7 28. Qd6 Qe8 29.
Na5 Bd5 30. b3 Rd8 31. Qb6 Rb8 32. Qxa6 e3 33. Rde1 Qf8 34. c4 bxc4 35. bxc4
Ba8 36. Bxe6 fxe6 37. Qxe6+ Kh8 38. Qxe3 Qb4 39. Qe5 {1-0 Tiviakov,S-Akesson,R/
Batumi 1999 (39)}) 8... d6 (8... Bb7 9. O-O (9. Bd2 Nc6 (9... b4 10. Nd1 Nf6
11. c3 (11. f4 Nc6 12. Nf2 d6 13. O-O Be7 14. Rae1 Nd7 15. Qg4 h5 16. Qh3 Nc5
17. f5 Bf6 18. Nxc5 dxc5 19. e5 Bxe5 20. fxe6 f6 21. Bg6+ Ke7 22. Nd3 Bd6 23.
Bf4 c4 24. Bxd6+ Qxd6 25. Nf4 Ne5 26. Kh1 Rad8 27. c3 Rh6 28. Qf5 Bc8 29. Bf7
a5 30. h3 h4 31. Re2 Bb7 32. Rfe1 Nd3 33. Nxd3 cxd3 34. Rd2 Qd5 35. Qxd5 Bxd5
36. cxb4 axb4 37. Re3 Bxa2 38. Rexd3 Rxd3 39. Rxd3 Bxe6 40. Bxe6 Kxe6 41. Rb3
g5 {1/2-1/2 Mortensen,E-Kengis,E/Koge 1997/EXT 2000 (41)}) 11... Nc6 12. Rc1 a5
13. O-O Be7 14. f4 d6 15. cxb4 axb4 16. Bb5 O-O 17. Nf2 Rfc8 18. Rc2 Qb6 19.
Be3 Qd8 20. Rfc1 Na5 21. Rxc8 Rxc8 22. Rxc8 Bxc8 23. Qc2 Bb7 24. Nd2 d5 25.
exd5 Nxd5 26. Nf1 Nxe3 27. Nxe3 Qb6 28. Qd3 Bc5 29. Ned1 Nc6 30. Kf1 Nd4 31.
Bc4 Qd6 32. g3 f5 33. Ne3 g6 34. h4 Kg7 35. Kg1 Nf3+ 36. Kf1 h5 {0-1 Karklins,
A-Goldin,A/Philadelphia USA 2000/The Week in Chess 296 (36)}) 10. f4 Nb4 11.
O-O Nf6 12. Rac1 Rc8 13. Qe1 Qb8 14. Be2 Qa7+ 15. Kh1 h5 16. Bf3 Ng4 17. Qe2
Nc6 18. Bxg4 hxg4 19. Qxg4 b4 20. Ne2 a5 21. c3 a4 22. Nbd4 Nxd4 23. cxd4 Rxc1
24. Rxc1 g6 25. Qf3 Be7 26. d5 exd5 27. exd5 Qa8 28. Qe3 Kf8 29. Bxb4 Bxb4 30.
Qd4 Kg8 31. Qxb4 Bxd5 32. Rg1 Qd8 33. Rc1 Qa8 34. Rg1 Qd8 35. Rc1 Qa8 36. Rg1
Qd8 37. Qe1 Qf6 38. Nc3 Bc6 39. Qg3 Kg7 40. Rf1 Rb8 41. Nd1 Re8 42. Qd3 Re4 43.
Kg1 Rxf4 44. Rxf4 Qxf4 45. Ne3 Qe5 46. Qd2 Qe4 47. a3 f6 48. h3 Qe5 49. Ng4
Qc5+ 50. Kh2 g5 51. Ne3 Qe5+ 52. Kg1 Qe4 53. Nc2 Kg6 54. Ne3 Qb1+ 55. Kf2 Qe4
56. Kg1 Qb1+ 57. Kf2 Qe4 {1/2-1/2 Firman Nazar (UKR)-Eljanov Pavel (UKR)/
Dnepropetrovsk (Ukraine) 2000 (57)}) (9. f4 {- 8.f4 Bb7 9.Qe2}) 9... Nc6 (9...
Nf6 10. Bg5 b4 11. Nd1 Bd6 12. Kh1 Bf4 13. Bxf4 Qxf4 14. f3 a5 15. Ne3 O-O 16.
Nc4 a4 17. Nc5 Bc6 18. e5 Nd5 19. Rad1 a3 20. bxa3 Nc3 21. Qd2 Qxd2 22. Rxd2
bxa3 23. Re1 Na6 24. Ne4 Nxe4 25. Bxe4 Bxe4 26. Rxe4 Rfb8 27. h4 Nc5 28. Re3
Rb4 29. Rd4 Raa4 30. Rc3 f6 31. f4 f5 32. h5 h6 33. Kh2 Kf8 34. g4 Ne4 35. Rb3
Rxc4 36. Rxd7 Rcb4 37. gxf5 exf5 38. Rbd3 Nc5 39. Rd8+ Ke7 40. R3d5 Ra7 {
0-1 Jaracz,P-Kveinys,A/Rowy 1999/EXT 2000 (40)}) 10. f4 d6 11. Bd2 Nf6 12. Rae1
Be7 13. a3 O-O 14. f5 Rae8 15. fxe6 fxe6 16. Be3 Ne5 17. Nd4 Bd8 18. h3 Qd7 19.
Nf3 Ng6 20. Qd2 Qc6 21. Nd4 Qc8 22. Nf3 Qc6 23. Nd4 Qc8 {1/2-1/2 Khalifman,
A-Hansen,C/Aarhus 1997/CBM 60 (23)}) (8... Nc6 9. f4 {1/2-1/2 Tiviakov,
S-Chuchelov,V/Tilburg (Netherlands) 1999 (9)}) 9. Bg5 $5 $146 (9. Bd2 Nd7 10.
f4 Bb7 11. a4 b4 12. Na2 a5 13. c3 Nc5 14. Bb5+ Bc6 15. Nd4 Bxb5 16. Nxb5 Qb7
17. cxb4 axb4 18. Nxb4 Nf6 19. e5 Nfe4 20. O-O dxe5 21. fxe5 Be7 22. Nd6+ Bxd6
23. exd6 O-O 24. Ra3 Rxa4 25. Rxa4 Nxa4 26. Rf4 Nxd6 27. Qe5 Nf5 28. Nd3 Qa7+
29. Kh1 Nb6 30. Bc3 Nd5 31. Rf1 Nde3 32. Re1 Rd8 33. Nf4 Ng4 34. Qe2 Nf2+ 35.
Kg1 {0-1 Haucke,A-Zwanzger,J/Oberhof 1999/EXT 2000 (35)}) 9... b4 (9... Be7 10.
Bxe7 Nxe7 $14) 10. Nb1 (10. Nd1 $5 {/\a3}) 10... Nc6 11. a3 {[#]} Be7 $1 (11...
bxa3 12. Nxa3 $36 {<<}) 12. Bd2 (12. Bxe7 Ngxe7 13. axb4 (13. O-O O-O $11)
13... Nxb4 14. Bb5+ Nbc6 $1 $11 (14... Kf8 15. c3 Rb8 16. Ba4 Nbc6 17. O-O $14)
15. Bxa6 $140 $2 Qb6 16. Bxc8 Rxa1 17. Nxa1 Qa5+ 18. Qd2 Qxa1 $19) 12... bxa3
13. Nxa3 Nf6 14. O-O O-O 15. Nc4 (15. Nb5 Qb7 16. Nc3 $11 (16. N5d4 $6 Nxd4 17.
Nxd4 Qxb2 18. Nc6 Qb7 $1 $15 {[]})) 15... Bd7 $1 {[/\Rfb8]} (15... d5 16. exd5
exd5 (16... Nxd5 $14) 17. Ne3 $14 {><a6, d5}) 16. Nba5 Rfb8 17. Nxc6 (17. b3
Nb4 $11) (17. Bc3 Nb4 $11) 17... Bxc6 (17... Qxc6 18. e5 $14) 18. b3 (18. Ba5
Qb7 $11) 18... Bb5 19. Ba5 Qc5 20. Rfe1 $138 {= [20...Nd7 /\Bf6]} 1/2-1/2

[Event "Groningen op-A 48th"]
[Site "Groningen"]
[Date "2011.12.26"]
[Round "5"]
[White "Tiviakov, Sergei"]
[Black "Zherebukh, Yaroslav"]
[Result "1/2-1/2"]
[WhiteElo "2650"]
[BlackElo "2594"]
[Annotator "Tiviakov,S"]
[PlyCount "66"]
[EventDate "2011.12.21"]
[EventType "swiss"]
[EventRounds "9"]
[EventCountry "NED"]
[SourceTitle "CBM 146"]
[Source "ChessBase"]
[SourceDate "2012.01.18"]
[SourceVersion "1"]
[SourceVersionDate "2012.01.18"]
[SourceQuality "1"]

1. e4 c5 2. Nc3 e6 3. Nge2 a6 4. d4 cxd4 5. Nxd4 Qc7 6. Bd3 Nf6 7. O-O d6 8. a4
$5 Nbd7 (8... Nc6 $142) (8... b6 $142) 9. a5 $146 {+/=} (9. f4) (9. Be3) (9.
Kh1) 9... Nc5 (9... Be7) 10. Bd2 $5 Be7 (10... e5 $5) 11. b4 Nxd3 12. cxd3 e5 (
12... d5 $5) (12... O-O 13. Rc1 $14) (12... Bd7 $14 13. Rc1 (13. Na4)) 13. Nde2
O-O 14. Na4 (14. Rc1) 14... Qd8 (14... d5 15. Nb6 Rb8 16. exd5 $14) (14... Be6
15. Rc1 Qd8 16. Nb6 Rb8 17. f4 $16) 15. Nb6 Rb8 16. Nc3 Be6 (16... Nd7 $5 $14)
17. f4 $1 exf4 18. Bxf4 Nd7 19. Nbd5 (19. Ncd5 Nxb6 20. Nxb6 f5 $14) 19... Ne5
20. d4 Ng6 (20... Nc4 $14) 21. Bg3 f5 $6 (21... Bg5) (21... Bh4) 22. Qd3 Bxd5 (
22... fxe4 23. Qxe4 $18) 23. Nxd5 fxe4 24. Qxe4 Qd7 25. h4 $5 (25. Nb6 $16) (
25. Rae1 $16) (25. Rfe1 $16) 25... Bxh4 $2 (25... Rbe8 26. Rxf8+ (26. h5 Bg5
$14) (26. Nb6 Qb5 $14) 26... Bxf8 27. Qf3 $16) 26. Bxh4 Rxf1+ (26... Rfe8 27.
Nb6 $18) (26... Rbe8 27. Rxf8+ $18) 27. Rxf1 Re8 28. Ne7+ $4 (28. Be7 Rxe7 (
28... Nxe7 29. Re1 Kf8 (29... Kf7 30. Nb6 Qf5 31. Rf1 $18) 30. Nb6 $1 Qb5 31.
Qe6 $18 Nf5 (31... Ng8 32. Nd7+ Qxd7 33. Rf1+ Nf6 34. Qxd7 $18) 32. Nd7+ Qxd7
33. Qxd7 Rxe1+ 34. Kf2 Re7 35. Qc8+ Kf7 36. Qxf5+ $18) 29. Nxe7+ Qxe7 (29...
Nxe7 30. Re1 $18) 30. Qd5+ $18 (30. Qxe7 Nxe7 31. Rc1 $18 Nc6 32. Rxc6 bxc6 33.
d5 c5 34. b5 $18)) 28... Nxe7 29. Re1 d5 $1 {[]} (29... Kf7 30. Qxh7 Qg4 31.
Re4 $18) (29... Kf8 30. Qxh7 $18) 30. Qe5 (30. Qe3 Kf8 31. Qf3+ Kg8 32. Bxe7
Rxe7 33. Rxe7 Qxe7 34. Qxd5+ Kf8 $11) 30... Kf8 31. Rf1+ Kg8 32. Re1 Kf8 33.
Rf1+ Kg8 1/2-1/2

[Event "Ubeda op 4th"]
[Site "Ubeda"]
[Date "1999.01.25"]
[Round "6"]
[White "Asrian, Karen"]
[Black "Landa, Konstantin"]
[Result "0-1"]
[WhiteElo "2575"]
[BlackElo "2540"]
[Annotator "Tiviakov,S"]
[PlyCount "172"]
[EventDate "1999.01.??"]
[EventType "swiss"]
[EventRounds "10"]
[EventCountry "ESP"]
[SourceTitle "CBM 068 Extra"]
[Source "ChessBase"]
[SourceDate "1999.03.01"]
[SourceVersion "1"]
[SourceVersionDate "1999.03.01"]
[SourceQuality "1"]

1. e4 c5 2. Nf3 e6 3. d4 cxd4 4. Nxd4 a6 5. Nc3 b5 6. Bd3 Qb6 7. Nb3 Qc7 {
[This variation has recently become very popular. Lot of games are being
played on different levels. White has several different approaches here, none
of them securing the advantage.]} 8. O-O (8. a4) (8. Bg5 {and}) (8. f4 {
are the alternatives to the text in this position.}) 8... Bb7 9. a3 {[This
move is not necessary, allowing Black to develop his pieces, after which he
gets a comfortable position. I would prefer to play} (9. f4 Nf6 10. e5 b4 11.
Ne2 {with slightly better chances for White in Lukin - Khalifman, Moscow 
(rapid) 1997. A curious reader can find the game annotated in the Chess
Informant 70/(160)}) 9... Nf6 10. Qe2 d6 11. f4 Nbd7 12. Kh1 {[This
prophylactic move is common in similar positions, but here it can become a
loss of time. White has to act energetically in order to try to get some
advantage.} (12. Bd2 Be7 13. Rae1 {with complicated play, looks natural.
Several games have been played here, one of them: Bach,A-Kveinys,A/Bad
Woerishofen (Germany) 1993 can be found in the Chess Informant 58/209.}) 12...
Be7 13. Be3 O-O 14. Bg1 {[Having developed all his pieces, White doesn't know
what to do next, allowing Black to seize the initiative several moves later.} (
14. Rae1 {has been tried twice here before. E.g.} Rfe8 15. Nd4 Bf8 16. Bf2 (16.
Bd2 Rad8 17. Nf3 e5 18. fxe5 dxe5 19. Nh4 g6 $13 {Kaminski,Uwe-Kveinys,Aloyzas/
Dresden (Germany) 1996}) 16... g6 17. Bh4 Bg7 $13 {with unclear position in
Kersten,Uwe-Chuchelov,Vladimir/Bad Zwesten (Germany) 1998}) 14... Rfe8 15. Nd4
Bf8 16. Qd2 g6 17. Rae1 Rac8 18. Qf2 {[White's play in this game doesn't
impress, but nevertheless let's look how K.Landa takes over the initiative and
outplays his higher rated opponent.]} Bg7 19. h3 Nc5 20. Nb3 Nfd7 (20... Nxb3
21. cxb3 Nd7 {is answered by} 22. b4 {and if} Bxc3 {, then} 23. Rc1 {follows.})
21. Nxc5 Nxc5 22. e5 {[Finally, White decides to stop his 'wait and see'
strategy. But the opening of the position is in Black's favour who has the
pair of bishops, one of them on b7 becoming incredibly strong.]} Red8 23. Re3
dxe5 24. fxe5 Nxd3 25. cxd3 Rd7 (25... Bxe5 $4 {is not possible because of} 26.
Rxe5 Qxe5 27. Qxf7+ Kh8 28. Qxb7 {.}) 26. Bh2 Rcd8 27. Rd1 Qc5 28. d4 Qc4 {
[Black doesn't want to go for the complications, arising after} (28... Rxd4 $5
{, although he still keeps the upper hand after} 29. Red3 {(the only move)}
Rxd3 30. Qxc5 Rxd1+ 31. Nxd1 Rxd1+ 32. Bg1 Rd2 {.}) 29. Red3 a5 30. Bf4 h6 31.
Kh2 Qc6 32. Ne2 b4 33. axb4 axb4 34. R3d2 Qd5 35. Be3 Qe4 {[Step by step Black
improves his position. White is in serious trouble now.]} 36. Ng3 Qh4 37. Qf4
Qxf4 38. Bxf4 Rc8 39. Be3 b3 {[The queens have gone off the board, but it
hasn't made White's life easier.]} 40. Ne2 Be4 41. Ra1 Rb7 42. Ng3 Bd5 43. Ne2
Be4 44. Ng3 Bc2 {[The pawn b3 is very dangerous, Black is preparing to queen
it.]} 45. h4 Bf8 46. d5 Bb4 47. Rd4 Bc3 48. bxc3 b2 49. Rf1 exd5 50. Rxd5 Kh7
51. Rd2 b1=Q 52. Rxb1 Bxb1 53. Bd4 {[The position now is technically won for
Black, but the accurate play is still required. The 1st step is to exchange
the rooks.]} Ra8 54. Rf2 Ra2 55. Rxa2 Bxa2 56. Ne4 Rb2 57. c4 (57. Nf6+ Kg7 58.
e6 {doesn't work, since Black can simply take the pawn by} Bxe6 {, winning.})
57... Rc2 58. c5 Rc4 59. Nf6+ Kg7 60. Bf2 Rc2 61. Be3 Be6 {[The rest is easy
and doesn't require any comment.]} 62. Kg1 h5 63. g3 Kf8 64. Kf1 Ke7 65. Ke1
Bc4 66. Kd1 Bb3 67. Ke1 Ke6 68. Ne4 Kxe5 69. Nd2 Bd5 70. Ke2 Ra2 71. Bf4+ Kd4
72. Be3+ Ke5 73. Bf4+ Kf5 74. Ke3 f6 75. Kd4 Bc6 76. Nc4 g5 77. Bc7 gxh4 78.
gxh4 Ke6 79. Bg3 Rg2 80. Be1 Rg1 81. Bf2 Rg4+ 82. Kc3 Rf4 83. Be1 Rf1 84. Kd2
Rf5 85. Ne3 Rxc5 86. Ke2 Be4 0-1

[Event "Bogota McGregor op 2nd"]
[Site "Bogota"]
[Date "2011.12.08"]
[Round "5"]
[White "Zapata, Alonso"]
[Black "Bruzon Batista, Lazaro"]
[Result "1-0"]
[WhiteElo "2483"]
[BlackElo "2689"]
[Annotator "Tiviakov,S"]
[PlyCount "49"]
[EventDate "2011.12.06"]
[EventType "swiss"]
[EventRounds "10"]
[EventCountry "COL"]
[SourceTitle "CBM 145 Extra"]
[Source "ChessBase"]
[SourceDate "2012.01.03"]
[SourceVersion "1"]
[SourceVersionDate "2012.01.03"]
[SourceQuality "1"]

1. e4 c5 2. Nf3 e6 3. d4 cxd4 4. Nxd4 a6 5. Nc3 b5 6. g3 Bb7 7. Bg2 Nf6 8. O-O
b4 9. Na4 Bxe4 10. Bxe4 Nxe4 11. Re1 Nc5 12. c3 (12. Nxc5 Bxc5 13. Qf3 (13. Be3
$146 Qb6 14. a3 Nc6 15. Nxc6 Qxc6 16. Bxc5 Qxc5 17. axb4 Qxb4 18. b3 Qc5 19.
Ra2 Ra7 20. Qd3 a5 21. Re4 O-O 22. Rc4 Qb6 23. Qc3 g6 24. h4 h5 25. Rc5 Rfa8
26. Ra4 $44 {Safarli,E-Yakovich,Y/Dresden 2007/Inf 100/(100)}) 13... Ra7 14.
Nf5 $146 (14. Nb3 d6 15. Qh5 O-O 16. Nxc5 dxc5 17. Qxc5 Rc7 18. Qxb4 Rxc2 19.
Qb3 $14) 14... Qf6 15. Be3 Rc7 16. Qf4 Bxe3 17. Nxg7+ $2 (17. Qxc7 Bxf2+ 18.
Kxf2 Qxf5+ 19. Kg1 O-O $13) 17... Ke7 $1 $19 {Isonzo,D-Likavsky,T/Imperia 92/
(152) 2003}) 12... Nxa4 13. Qxa4 bxc3 $146 (13... Be7 14. cxb4 Qb6 15. b5 Bc5
16. Be3 O-O 17. Rad1 (17. bxa6 Rxa6 18. Qc4 d5 19. Qd3 Nd7 20. b4 Bxb4 21. Reb1
Ra3 22. Qe2 Qd6 23. Nb5 Rxe3 24. Qxe3 Qe7 25. a4 Bc5 26. Qe2 Nf6 27. Kg2 h5 28.
a5 e5 29. a6 Ra8 30. Rc1 h4 31. Qc2 Ne4 32. f3 h3+ 33. Kxh3 Qd7+ 34. Kg2 Qxb5
35. fxe4 Bd4 36. Rcb1 Qd7 37. Ra5 Rc8 38. Qe2 dxe4 39. Qxe4 g6 40. Ra2 Qe6 41.
Ra5 Qd7 42. Rb7 Qd8 43. Rd5 Rc2+ 44. Kh3 Qc8+ 45. Rdd7 Qc4 46. Qxg6+ {1-0
Thesing,M-Fedorov,A/Brasov ROU 2011/The Week in Chess 884 (46)}) 17... Bxd4 18.
Rxd4 Qxb5 19. Qxb5 axb5 20. a3 Nc6 21. Rd6 Ne5 22. Kg2 Nc4 23. Rxd7 Nxb2 24.
Bc5 Rfc8 25. Be7 Nc4 26. Rb7 Nxa3 27. Bxa3 Rxa3 28. Rc1 Raa8 29. Rxc8+ Rxc8 30.
Rxb5 h6 31. h4 g6 32. Rb2 Kg7 33. Ra2 Rc7 34. Rb2 f5 35. Ra2 Kf6 36. Ra6 Re7
37. Rb6 g5 38. hxg5+ Kxg5 39. Ra6 e5 40. f4+ exf4 41. gxf4+ Kxf4 42. Rxh6 Re2+
43. Kf1 Ra2 44. Rh3 Kg4 45. Rb3 f4 46. Rc3 Rh2 47. Rb3 Rh1+ 48. Kg2 Rc1 49. Kf2
Rc2+ 50. Kf1 f3 51. Rb8 Kg3 52. Rg8+ {1/2-1/2 Kalegin,E-Simonian,H/Alushta
2007/EXT 2009 (52)}) (13... Qb6 14. Be3 Bc5 15. Nb3 (15. Rad1 O-O 16. a3 bxc3
17. b4 Bxd4 18. Bxd4 Qc6 19. Qb3 d6 20. Re3 Nd7 21. Rxc3 Qb7 22. Rdc1 Qe4 23.
Rc7 Ne5 24. Bxe5 Qxe5 25. Rd7 h5 26. Qf3 Rad8 27. Ra7 d5 28. Rcc7 d4 29. Rxf7
Rxf7 30. Qxf7+ Kh7 31. Rxa6 d3 32. Rxe6 d2 {0-1 Shchukin,D-Kalegin,E/Voronezh
RUS 2011/The Week in Chess 868 (32)}) 15... Bxe3 16. Rxe3 Nc6 17. cxb4 Qxb4 18.
Re4 Qxa4 19. Rxa4 Ke7 20. Rc1 Rhb8 21. f4 Rb4 22. Rc4 Rxc4 23. Rxc4 a5 24. Ra4
Rb8 25. Kf2 Rb5 26. Ke3 d5 27. h4 h5 28. Nd4 Nxd4 29. Kxd4 f6 30. Kc3 e5 31. a3
d4+ 32. Kc2 Ke6 33. fxe5 fxe5 34. b4 axb4 35. axb4 Kd5 36. Ra7 Rxb4 37. Rxg7
Ke4 38. g4 hxg4 39. Rxg4+ Kf3 40. Rg1 e4 41. h5 Rc4+ 42. Kd2 d3 43. Rf1+ Kg2
44. Rf7 Rc2+ 45. Ke1 Ra2 46. Rd7 Kf3 47. h6 Ra1+ 48. Kd2 e3+ 49. Kc3 e2 {
0-1 Sanchez Jerez,E-Vehi Bach,V/Arinsal 2009/CBM 131 Extra (49)}) 14. Nxe6 fxe6
15. Rxe6+ Kf7 (15... Be7 16. Bg5 Nc6 (16... cxb2 17. Rae1 b1=Q 18. Rxb1 Nc6 19.
Bxe7 Nxe7 20. Rbe1 Kf8 21. Qf4+ Ke8 22. R6e4 Rf8 23. Rxe7+ Qxe7 24. Rxe7+ Kxe7
25. Qh4+ $14) 17. Bxe7 Nxe7 18. Rae1 cxb2 19. Rxe7+ Qxe7 20. Rxe7+ Kxe7 21.
Qe4+ $11) 16. Re5 Be7 17. Qc4+ Ke8 18. Bg5 Nc6 (18... cxb2 19. Rae1 Nc6 20.
Rxe7+ Nxe7 21. Qb4 d6 22. Bxe7 Qxe7 23. Rxe7+ Kxe7 24. Qxb2 $11) 19. Rxe7+ Nxe7
20. Re1 Rc8 $4 21. Qe2 $2 (21. Qd4 $18) 21... Kf7 22. Qf3+ Kg6 $4 (22... Ke8
23. bxc3 h6 24. Bxe7 Qxe7 25. Rxe7+ Kxe7 $14) 23. Bxe7 Qa5 24. Qg4+ Kh6 (24...
Kf7 25. Qxd7 $18) 25. h4 1-0